00688nam a22002177a 45000010005000000030006000050050017000110080041000280400029000690500016000980820011001141000023001252450055001482600038002033000056002415050007002975200086003045210027003905210018004176500035004359692FISKH20260129151545.0260129b cb ||||| |||| 00| 0 eng d aFISKHbengcFISKHdFISKH aPZ7 .M58194 a813.54 aAnonymous eAuthor aThe kitten-sitters :bWalt Disney's Mickey Mouse / aNew York :bA Golden Book ,c1976 a22 unnumbered pages :bcolor illustrations ;c20 cm aG  aMickey and his nephews find kitten-sitting for Minnie's kitten an exhausting job.8 a300 bLexile estimate 8 aG bRaz-Plus  aMickey Mouse vKitten-sitters